Κατάλογος Βιβλιοθηκών Mediterranean College

Rural China / Imperial Control in the Nineteenth Century (Record no. 1903)

MARC details
000 -LEADER
fixed length control field 01238cam a22002054a 4500
005 - ΗΜΕΡΟΜΗΝΙΑ ΚΑΙ ΩΡΑ ΤΕΛΕΥΤΑΙΑΣ ΕΝΗΜΕΡΩΣΗΣ
Πεδίο ελέγχου 20250605164023.0
008 - FIXED-LENGTH DATA ELEMENTS--GENERAL INFORMATION
Πεδίο ελέγχου σταθερού μήκους 250528s ||||||||||||||||||||||||d
035 ## - SYSTEM CONTROL NUMBER
System control number 16400
020 ## - ISBN
ISBN 295978554
040 ## - ΠΗΓΗ ΚΑΤΑΛΟΓΟΓΡΑΦΗΣΗΣ
Φορέας πρωτότυπης καταλογογράφησης MC Athens Campus Library
Γλώσσα καταλογογράφησης Ελληνικά, Μοντέρνα (1453-)
Modifying agency MC Athens Campus Library
Κανόνες περιγραφικής καταλογογράφησης AACR2
245 1# - ΤΙΤΛΟΣ ΚΑΙ ΔΗΛΩΣΗ ΥΠΕΥΘΥΝΟΤΗΤΑΣ
Τίτλος Rural China / Imperial Control in the Nineteenth Century
250 ## - EDITION STATEMENT
Edition statement 2nd
260 ## - PUBLICATION, DISTRIBUTION, ETC.
Name of publisher, distributor, etc. University Of Washington Press,
Date of publication, distribution, etc. 1972
300 ## - PHYSICAL DESCRIPTION
Extent 786
520 ## - SUMMARY, ETC.
Summary, etc. A study of the administrative apparatus which helped the emperors ''to assure obedience and forestall rebellions''. The Divisions of Rural Areas, Villages and Markets and Towns, Administrative Divisions: Pao-chia and Li-chia, Rural Control, Police Control: The Pao-chia System, Tax Collection in Rural Areas: The Li-chia System, Famine Control: She-ts'ang and Other Granaries, Ideological Control: The Hsiang-yueh and Other Institutions, The Effects of Control, The Effects of Control on the Village, The Clan and Rural Control, Rural Reactions to Control: I, Rural Reactions to Control: II, Summary and Postscript, Appendices, Tables of Transliteration, Reigns and Emperors of the Ch'ing Dynasty, Bibliography, Index.
700 1# - ΠΡΟΣΘΕΤΗ ΑΝΑΓΡΑΦΗ--ΦΥΣΙΚΟ ΠΡΟΣΩΠΟ
Personal name Hsiao Kung-Chuan
9 (RLIN) 2494
942 ## - ADDED ENTRY ELEMENTS (KOHA)
Koha item type Books
Holdings
Τύπος τεκμηρίου Βιβλιοθήκη Τρέχουσα τοποθεσία Barcode Αριθμός εισαγωγής Ημερομηνία απόκτησης Ταξιθετικό σύμβολο Αριθμός αντιτύπου Κατάσταση απόσυρσης Κατάσταση χαμένου Κατάσταση κατεστραμμένου Μη δανεισμός Σύνολο δανεισμών Ημερομηνία τελευταίας εμφάνισης Η τιμή ισχύει από
Books MC Athens Campus Library MC Athens Campus Library 9780000019028 4102 05/06/2025 342.51 HSI 1           05/06/2025 05/06/2025

MC Athens Campus Library
Πατησίων 94 & Κοδριγκτώνος 13, 104 34
Πελλήνης 8 & Πατησίων 107, 112 51
Τ: +30 210 8899600

MC Thessaloniki Campus Library
Ίωνος Δραγούμη 21, 54625 | Ίωνος Δραγούμη 15, 54625
Τ: +30 2310 287779 – Τ: +30 2314 440300